000 00585nam a22002057a 4500
003 OSt
005 20220107122820.0
008 160721b xxu||||| |||| 00| 0 eng d
020 _a9781444792461
040 _cIIITMK
082 _a025.04 SCH/G
100 _aSchmidt, Eric
_910368
245 _aGoogle:
_bHow google works
_cEric Schmidt and Jonathan Rosenberg
260 _aLondon,
_bJohn Murray Publishers,
_c2014.
300 _axiv, 286p.
650 _aINGFORMATION RETREIVAL SYSTEMS
_910369
650 _aINTERNET
_910370
700 _aRosenberg, Jonathan
_910371
942 _2ddc
_cBK
999 _c5335
_d5335